000 01360nam a2200349 a 4500
001 sjdsBK0009162045
003 sjds
005 20200313221244.0
008 120425r20102007sp a j 000 1 spa d
010 _abl2011003586
020 _a9788499181325 : (hc)
020 _a8499181325 : (hc)
040 _dCoBoFLC
_csjds
041 _aspa
100 1 _aMull, Brandon,
_d1974-
240 1 0 _aRise of the evening star.
_lSpanish.
245 1 0 _aLa ascension del lucero de la tarde /
_cBrandon Mull ; traduccion de Ines Belaustegui.
246 3 _aAscension del lucero de la tarde.
250 _a1. ed.
260 _aBarcelona :
_bRoca Editorial,
_c2010, c2007.
300 _a378 p. :
_bill. ;
_c24 cm.
490 1 _aFablehaven ;
_vbook two.
500 _aSequel to: Fablehaven.
520 _aWhen Kendra and Seth return to Fablehaven, they discover that Grandpa Sorenson has asked three specialists to protect the property from the Society of the Evening Star, a group determined to steal an artifact of great power from the preserve.
650 0 _aMagic
_vJuvenile fiction.
650 0 _aGrandparents
_vJuvenile fiction.
650 0 _aBrothers and sisters
_vJuvenile fiction.
655 0 _aSpanish language materials.
700 1 _aBelaustegui, Ines,
_eill.
800 1 _aMull, Brandon,
_d1974-
_tFablehaven.
_lSpanish ;
_vbk. 2.
942 _cBK
_2ddc
999 _c24460
_d24460